Tribal Writers-its Saga/ (Record no. 172353)

MARC details
000 -LEADER
fixed length control field 00499nam a22001817a 4500
005 - DATE AND TIME OF LATEST TRANSACTION
control field 20200204142323.0
010 ## - LCCN (DPL NO)
LC control number ENG-127623
020 ## - INTERNATIONAL STANDARD BOOK NUMBER
International Standard Book Number 9789388927260
Terms of availability 100.00
035 ## - SYSTEM CONTROL NUMBER
System control number EN-111155
037 ## - SOURCE OF ACQUISITION
Source of stock number/acquisition DBAD/PUB
082 ## - DEWEY DECIMAL CLASSIFICATION NUMBER
Classification number 880
100 ## - MAIN ENTRY--PERSONAL NAME
Personal name Udeshi,Hardik
245 ## - TITLE STATEMENT
Title Tribal Writers-its Saga/
Remainder of title by Hardik Udeshi
260 ## - PUBLICATION, DISTRIBUTION, ETC. (IMPRINT)
Place of publication, distribution, etc Ahmedabad
Name of publisher, distributor, etc Vedant
Date of publication, distribution, etc 2019
270 ## - ADDRESS
City Ahmedabad
Address Rajkot, Ahmedabad Surat
Postal code 360003
300 ## - PHYSICAL DESCRIPTION
Extent 136p.
Other physical details 21cm(pbk)
942 ## - ADDED ENTRY ELEMENTS (KOHA)
Source of classification or shelving scheme Dewey Decimal Classification
Item type English Books
Classification part 880
Call number suffix UDE
Holdings
Withdrawn status Lost status Not for loan Collection code Home library Current library Date acquired Source of acquisition Cost, normal purchase price Full call number Barcode Copy number Cost, replacement price Koha item type
      Non-fiction Sarojini Nagar Sarojini Nagar 03/02/2020 DBAD/PUB 100.00 880 UDE EN-111155 1 100.00 English Books

© Delhi Public Library
Hit Counter
free hit counter